[Event "Bundesliga 0203"]
[Site "Germany"]
[Date "2003.01.12"]
[Round "9.5"]
[White "Gurevich, Mikhail"]
[Black "Maiwald, Jens Uwe"]
[Result "1-0"]
[WhiteElo "2634"]
[BlackElo "2512"]
[Annotator "Ribli,Z"]
[PlyCount "70"]
[EventDate "2002.10.19"]
[EventType "team-tourn"]
[EventRounds "15"]
[EventCountry "GER"]
[SourceTitle "CBM 093"]
[Source "ChessBase"]
[SourceDate "2003.04.01"]
[SourceVersion "1"]
[SourceVersionDate "2003.04.01"]
[SourceQuality "1"]
[WhiteTeam "Porz"]
[BlackTeam "Kreuzberg"]
[WhiteTeamCountry "GER"]
[BlackTeamCountry "GER"]

1. c4 g6 2. Nc3 Bg7 3. g3 d6 4. Bg2 e5 5. d3 f5 6. e4 {Großmeister Gurevich
spielt gern auch diese heutzutage sehr populäre Fortsetzung.} Nf6 7. Nge2 O-O
8. O-O Nc6 {Wir haben eigentlich eine Stellung, die gut bekannt von der
geschlossenen Variante der sizilianischen Verteidigung ist.} 9. h3 {Ein
typischer Sicherungszug in solchen Stellungen - Weiß möchte die
Läuferentwicklung 10.Be3 vorbereiten und verteidigt sich gegen Ng4.} (9. Nd5 $5
) 9... f4 {Schwarz opfert - zeitweilig - einen Bauern für aktives Spiel am
Königsflügel. Mit dem Textzug Schwarz bekommt die Initiative.} 10. gxf4 Nh5 11.
f5 {Die beste Entscheidung für Weiß ist den Bauern zurückzugeben. Sonst
bekommt Schwarz eine sehr gefährliche Initiative.} (11. fxe5 dxe5 12. Nd5 Qh4
13. f4 Bxh3 14. Qe1 Qg4 15. Ne3 Qd7 16. Bxh3 Qxh3 17. f5 Rad8 {0-1 Gelman,
A-Annakov,B/Moscow 1997/EXT 2000 (28)}) (11. Nd5 Qh4 12. f5 gxf5 13. Ng3 Nxg3
14. fxg3 Qxg3 15. Nxc7 Rb8 16. Qf3 Qh4 17. Be3 f4 {1/2-1/2 Balashov,Y-Dubinsky,
R/Moscow 1999/CBM 70 (17)}) 11... Qh4 {Der Damezug ist stark, aber die
einfache Zurücknahme des Bauern auf f5 kommt auch in Betracht.} (11... gxf5 12.
Ng3 Nf4 13. Bxf4 exf4 14. Nxf5 Ne5 15. Qh5 f3 16. Bxf3 Qg5+ 17. Kh1 Qxh5 18.
Bxh5 Bxf5 19. exf5 Nxd3 20. Nd5 {1/2-1/2 Heilinger,D-Dobosz,H/Vorarlberg 1997/
EXT 99 (60)}) 12. Qd2 {Weiß bereitet den Damentausch mit 13. Qg5 vor.} (12. f3
gxf5 13. Qe1 Qd8 14. exf5 Nb4 15. Qd2 Bxf5 16. Ne4 Nc6 17. Qg5 {1/2-1/2 Krause,
C-Hoermann,E/Bad Aibling 1997/EXT 2001 (25)}) 12... h6 (12... gxf5 13. Qg5 Qxg5
14. Bxg5 $11) 13. f3 {[%mdl 256] Weiß bereitet den Verteidigungszug 14.Qe1 vor.
} gxf5 14. Qe1 Qxe1 (14... Qe7 15. Nd5 Qf7 16. f4 $13) 15. Rxe1 $15 {Weiß
steht etwas passiver, aber seine Stellung ist verteidigungsfähig. Aber das ist
keine großartiges Ergebnis für Weiß, dass er nach der Eröffnung bereits auf
Ausgleich spielen muss.} Nb4 {[%cal Rb4c2,Rc2a1,Rc2e1] Droht 16...Nc2. Aber -
ich glaube - mit direktem Spiel erreicht Schwarz nichts Konkretes. Es wäre
zweifellos besser, die Entwicklung fortzusetzen.} (15... Be6 16. Nd5 Rf7 $15
17. Be3 $2 Bxd5 $1 18. cxd5 Nb4 $17 {[%cal Rb4c2,Rc2e3,Rc2a1,Rc2e1,Yb4d3]}) 16.
Rd1 Nc2 17. Rb1 c6 18. Bd2 Be6 $6 (18... f4 $5 {Das wäre die konsequente
Fortsetzung des schwarzen Spiels mit Nb4.} 19. b4 Ne3 $36) 19. Rbc1 Nb4 (19...
Nd4 20. Nxd4 exd4 21. Ne2 $11) 20. Be1 Rf7 $2 {[%mdl 8192] Ein
schablonenhafter Zug, der eigentlich einen Bauern verliert.} (20... Na6 $11)
21. exf5 $1 Rxf5 (21... Bxf5 22. Ne4 Bxe4 23. dxe4 $16 {[%cal Re1b4,Rd1d6]})
22. Ne4 $16 {[%cal Re1b4,Re4d6] Mit diesem Springerzug gewinnt Weiß einen
wichtigen Bauern.} Na6 {Der Springer muss zurückgehen - 22...Nxa2 wäre ganz
schlecht wegen 23.Ra1 mit Springerfang.} 23. Nxd6 Rg5 {[%cal Gg5g1] Droht 24...
Bxh3 und Schwarz hat etwas positionellen Druck am Königsflügel, aber Weiß kann
diese Drohungen leicht abwehren.} 24. Ne4 Rg6 (24... Rf5 25. d4 $16) 25. Kh2
Kh8 26. Bc3 {[%cal Gc3h8] Endlich kommt der passive Läufer ins Spiel - im
Folgenden muss Schwarz ständig mit d3-d4 rechnen.} Rf8 27. Rd2 c5 28. Re1 {
[%cal Ge1e5] Mit diesem prophylaktischen Zug möchte Weiß eigentlich den Pe5
angreifen.} (28. a3 $16 {[%cal Gb2b4]}) 28... b6 {Schwarz verteidigt den
c5-Bauern und möchte den Springer über b4-c6 ins Spiel bringen.} 29. N4g3 $1
Nf4 (29... Nxg3 30. Nxg3 {[%csl Re5]} Nb4 31. Nh5 Nc6 32. f4 $16) 30. Nxf4 exf4
31. Bxg7+ Kxg7 32. Nh5+ Kg8 33. Re4 {[%csl Rf4]} Bf5 34. Rxf4 $18 {Mit zwei
Bauern mehr steht Weiß auf Gewinn.} Nb4 35. Ng3 Bd7 (35... Bd7 36. Rxf8+ Kxf8
37. d4 $18) 1-0

[Event "Pinsk"]
[Site "Pinsk"]
[Date "1993.??.??"]
[Round "?"]
[White "Nielsen, Peter Heine"]
[Black "Svistunov, Konstantin"]
[Result "1-0"]
[WhiteElo "2465"]
[BlackElo "2490"]
[Annotator "Ribli,Z"]
[PlyCount "63"]
[EventDate "1993.??.??"]
[EventType "tourn"]
[EventRounds "9"]
[EventCountry "BLR"]
[EventCategory "10"]
[SourceTitle "CBM 038"]
[Source "ChessBase"]
[SourceDate "1994.02.01"]
[SourceVersion "1"]
[SourceVersionDate "1994.02.01"]
[SourceQuality "1"]

1. c4 e5 2. Nc3 Nc6 3. Nf3 g6 4. g3 Bg7 5. Bg2 d6 6. d3 f5 7. O-O Nf6 8. Rb1 a5
(8... h6 $5 9. b4 O-O 10. b5 Ne7 11. a4 Be6 12. Ba3 Rc8 $13 {Psakhis,
L-Kasparov,G/Murcia m/1990/CBM20/INF50,25/}) 9. Bg5 $5 (9. a3 h6 $5 $13) 9...
h6 10. Bxf6 Qxf6 (10... Bxf6 11. a3 O-O 12. Nd5 Bg7 13. b4 $14 {Ragozin,
E-Cherniaev,A/Biel op/EXP31/}) 11. a3 Be6 12. Nd2 h5 $6 (12... O-O $5 13. Nd5
Qf7 14. b4 axb4 15. axb4 g5 16. b5 Nd8 17. b6 $14) 13. Nd5 Qf7 14. b4 axb4 15.
axb4 h4 16. b5 Nd8 17. b6 $1 cxb6 18. Rxb6 hxg3 19. hxg3 e4 20. dxe4 $1 (20.
Rxd6 Be5 $44) 20... Bd4 21. Rb3 Bxd5 (21... Qh7 22. Nf3 $16) 22. exd5 Qh7 23.
Nf3 Bc5 24. Qc2 Qh5 25. e3 b6 26. Rbb1 Nf7 27. Ra1 $1 Rd8 28. Qb2 Ne5 29. Rfd1
$1 f4 30. exf4 Nxf3+ 31. Bxf3 Qxf3 32. Qxh8+ 1-0

[Event "EU-Cup 13th Group3"]
[Site "Slough"]
[Date "1997.09.23"]
[Round "2"]
[White "Ribli, Zoltan"]
[Black "Van Mil, Johan"]
[Result "1-0"]
[WhiteElo "2570"]
[BlackElo "2420"]
[Annotator "Ribli,Z"]
[PlyCount "81"]
[EventDate "1997.09.22"]
[EventType "team-k.o."]
[EventRounds "3"]
[EventCountry "ENG"]
[SourceTitle "CBM 062"]
[Source "ChessBase"]
[SourceDate "1998.01.31"]
[SourceVersion "1"]
[SourceVersionDate "1998.01.31"]
[SourceQuality "1"]
[WhiteTeam "Murska Sobota Radenska"]
[BlackTeam "Tessenderlo OSK"]
[WhiteTeamCountry "SLO"]
[BlackTeamCountry "BEL"]

1. c4 g6 2. Nc3 Bg7 3. g3 e5 4. Bg2 Nc6 5. e4 $5 {Das ist meine
Lieblingsvariante. Weiß gibt die Kontrolle über d4 auf, hat aber ein Feld auf
d5. Ribli.} d6 6. d3 f5 7. Nge2 Nf6 8. O-O O-O 9. Nd5 {[%csl Gd5] Weiß spielt
eigentlich eine geschlossene Sizilianische Verteidigung, aber mit Mehrtempo.
Ribli.} Be6 10. Bg5 {[%csl Gd5,Gg5]} Qd7 (10... h6 $2 {Die Fesselung ist
wirklich unangenehm für Schwarz, aber dieser Zug ist ein bekannter Fehler.
Ribli.} 11. Nxf6+ Bxf6 12. Bxh6) 11. Qd2 Nh5 (11... Kh8 12. Rae1 Ng8 13. Be3
Nd8 14. b3 Nf7 15. Ndc3 c5 16. Nd5 Rae8 17. exf5 gxf5 18. f4 b6 19. Kh1 {
1/2-1/2 Goldenberg,R-Zichichi,A/Reggio Emilia 1978}) (11... Rab8 $6 12. Rac1 b6
13. b4 Nd4 14. Nxd4 exd4 15. Bxf6 Bxf6 16. exf5 Bxf5 17. Nxf6+ Rxf6 18. Qf4 {
1-0 Ljubojevic,L-Meulders,R/Brussels 1987 (26)}) 12. exf5 (12. Rac1 Nd8 13. Be3
c6 14. Ndc3 Nf7 15. b3 Nf6 16. d4 Qe7 17. d5 Bd7 18. dxc6 Bxc6 19. Nd5 Bxd5 20.
cxd5 Ng4 21. Rc4 Nxe3 22. Qxe3 Bh6 23. Qc3 Rad8 24. Qc2 f4 25. g4 f3 $1 $40 {
0-1 Stryjecki,M-Petran,P/Slovan op 1996/EXT 97 (34)}) 12... Bxf5 (12... gxf5
13. f4 Kh8 14. Rae1 Rae8 15. b4 Nd8 16. Ne3 Nf7 17. Bh4 exf4 18. gxf4 Nh6 19.
h3 b6 20. b5 Qf7 21. Kh2 Ng8 {1/2-1/2 Serper,G-Sakaev,K/URS-chJ 1991 (27)}) 13.
b4 $5 $146 {Mit der Unterstützung des g2-Läufers hat Weiß freie Hand am
Damenflügel. Ich hab schon ähnlich gespielt gegen Ibragimov, nach 13.Rae1,
aber vielleicht der Textzug ist noch präziser. Ribli.} (13. Rae1 Rf7 14. b4 Bh3
15. Bxh3 Qxh3 16. b5 Nd8 17. f4 Ne6 18. fxe5 Raf8 19. Rxf7 Rxf7 20. Bf6 dxe5
21. Bxg7 {1/2-1/2 Ribli,Z-Ibragimov,I/Odorheiu Secuiesc 1993/CBM 36/[Ribli]})
13... Kh8 $5 (13... a6 14. b5 axb5 15. cxb5 Nd8 16. Ne7+ (16. Rac1 Ne6) 16...
Kh8 17. Nxf5 Qxf5 (17... Rxf5 18. Bh3 $16 {[%cal Rh3d7]}) 18. Bxd8 Raxd8 19.
Bxb7 $16) (13... Rf7 $5) (13... Rae8 14. b5 Nd8 {[%cal Gd8e6]}) (13... e4 14.
d4 (14. dxe4 Bxa1 15. exf5 $44)) 14. b5 (14. Rae1 $5) 14... Nd8 15. a4 $14 {
Weiß hat freie Hand am Damenflügel, was etwas bessere Chancen bietet. Ribli.}
c6 (15... e4 $6 16. d4) 16. bxc6 bxc6 17. Ndc3 (17. Ne3 {[%csl Rg5]} Be6 {
[%cal Gd8f7] Weiß hat Probleme mit der Figurenkoordination. Sein g5-Läufer
hängt in der Luft. Ribli.}) 17... Ne6 18. Be3 Nf6 19. f3 {Das ist immer eine
schwere Entscheidung, wenn wir unseren Läufer auf der großen Diagonale
einschließen müssen,aber Weiß verteidigt sich gegen 19...Ng4, und bereitet den
Zug g3-g4 vor. Ribli.} (19. h3 $6 Nc5 {[%csl Rd3,Rh3]}) 19... Nc5 20. Rad1 Rab8
(20... Bxd3 $2 21. Bxc5 Bxe2 (21... dxc5 22. Qxd3 $18) 22. Qxe2 $18) (20...
Nxd3 $2 21. g4 $18) 21. g4 Nb3 22. Qe1 Be6 23. h3 {Weiß verteidigt zuerst den
g4-Bauern und bereitet f3-f4 vor. Ribli.} d5 $13 24. d4 $1 exd4 $6 (24... dxc4
$5 {Dieser Zug führt zu großen Komplikationen und wäre besser als die
Partiefortsetzung. Ribli.} 25. dxe5 Nd5 $13 26. f4 $36 {[%csl Gg2,Rg7]}) 25.
Nxd4 Nxd4 26. Bxd4 $14 {[%csl Gd4][%cal Gd1d7]} Rfe8 27. Qf2 (27. Qh4 Qf7 28.
f4 $36 {[%cal Gf1f7]}) 27... Rb4 $5 {[%csl Gb4]} 28. cxd5 Nxd5 29. Ne4 {
[%csl Rc5,Rh8][%cal Ge4c5] Nach dem wahrscheinlichen Läufertausch werden die
schwarzen Felder im Lager des Nachziehene sehr schwach. Ribli.} Bxd4 30. Rxd4
Rxd4 31. Qxd4+ {[%csl Rh8]} Qg7 (31... Kg8 $6 32. f4 $36 {[%cal Gf4f5]}) 32.
Qc5 $1 {Wegen der schwachen schwarzen Königstellung muß Weiß natürlich die
Damen auf dem Brett behalten. Ribli.} (32. Qxg7+ $6 Kxg7 33. Nc5 Nf4 {[%csl
Gf4,Rg2]}) (32. Qd2 Rb8 $132 {[%cal Gb8b2]}) 32... Nf4 {[%csl Gf4,Rg2]} 33.
Qxc6 {Weiß hat einen Bauern mehr, aber der schwarze Springer steht
ausgezeichnet auf f4 und die weiße Königsstellung hat auch ihre Schwächen. Das
Hauptproblem für Weiß ist der eingeschlossene Läufer. Ribli.} (33. Rd1 $6 Bd5
$15) 33... Qd4+ 34. Kh1 Rc8 $44 35. Qb5 $6 (35. Qd6 Qxd6 36. Nxd6 Rc2 $44 37.
Re1) 35... Rf8 $2 $138 (35... Bd5 36. Qd7) (35... Bd7 $5 {[%cal Rd7a4]}) (35...
Nxg2 $5 {Psychologisch es ist schwer, diesen schönen Springer für einen so
schlechten Läufer zu geben. Ribli.} 36. Kxg2 Bc4 {[%cal Rc4b5,Rc4f1]} 37. Rc1
$8 Bxb5 38. Rxc8+ Kg7 39. axb5 $15 {Theoretisch steht Schwarz besser , denn
die Dame ist stärker als die weißen Figuren, aber meiner Meinung nach kann
Weiß die Partie halten. Ribli.}) 36. Rc1 Bd5 37. Qd7 $5 {[%cal Gd7d4] In
Zeitnot ist dieser Fesselungszug sehr unangenehm für Schwarz. Ribli.} (37. Qc5
Qxc5 (37... Qg7 38. Qc3) 38. Rxc5 (38. Nxc5 Nxg2 39. Kxg2 Rxf3 $15) 38... Bxe4
39. fxe4 Rd8 {[%csl Gf4]}) 37... Qg7 38. Qd6 {[%csl Gd6]} Bxe4 39. Rc7 $16 Qf6
(39... Rf7 40. Rc8+ $18) (39... Qa1+ 40. Kh2 $18 {[%csl Gc7,Gd6,Rf8,Rh8]}) 40.
Qd7 Qa1+ $2 (40... g5 $8 {[%cal Ge4h7]} 41. fxe4 Qh6 (41... Qg6 42. Qd4+ Kg8
43. Bf1 $18 {[%cal Rf1c4,Rc4g8]}) 42. Qd4+ (42. Rxa7 Nxh3 43. Qd4+ Rf6) 42...
Kg8 (42... Qf6 43. Qxf6+ Rxf6 44. Rxa7 Rb6 {[%csl Rg2][%cal Gb6b1]}) 43. Rxa7
$16 Nxh3 44. Qc4+ Kh8 45. Qc3+ $18 {[%cal Rc3h3]}) 41. Kh2 $18 {Nach diesem
Zug kann sich Schwarz gegen die Mattdrohung nicht mehr verteidigen. Ribli.} (
41. Kh2 g5 42. fxe4 $18 {[%cal Rc7h7]}) 1-0

[Event "Kecskemet"]
[Site "Kecskemet"]
[Date "1990.??.??"]
[Round "4"]
[White "Hertneck, Gerald"]
[Black "Barczay, Laszlo"]
[Result "1-0"]
[WhiteElo "2480"]
[BlackElo "2335"]
[Annotator "Ribli,Z"]
[PlyCount "79"]
[EventDate "1990.06.??"]
[EventType "tourn"]
[EventRounds "13"]
[EventCountry "HUN"]
[EventCategory "8"]
[SourceTitle "CBM 020"]
[Source "ChessBase"]
[SourceDate "1991.02.01"]
[SourceVersion "1"]
[SourceVersionDate "1991.02.01"]
[SourceQuality "1"]

1. c4 e5 2. g3 Nc6 3. Bg2 g6 4. Nc3 Bg7 5. d3 Nge7 6. Rb1 {-> A 25} O-O (6...
a5 $5) 7. b4 d6 8. b5 Nd4 9. e3 Ne6 10. Nge2 a6 11. a4 axb5 12. axb5 Nc5 13. d4
exd4 14. exd4 Nd7 15. O-O Nb6 16. c5 Nc4 17. Qb3 Na5 18. Qb4 Bg4 19. Bg5 $1 h6
20. Bxe7 Qxe7 21. Nf4 dxc5 22. dxc5 c6 23. Na4 g5 24. Ng6 fxg6 25. Qxg4 Qf7 26.
Nb6 Rad8 27. Qa4 Bc3 28. Qc2 Bd4 29. Qa4 Bc3 30. bxc6 bxc6 31. Qa3 Bd2 32. Qb2
Nc4 33. Nxc4 Qxc4 34. Qb6 Qd3 35. Qxc6 Rxf2 $2 36. Qe6+ $1 Kh8 37. Qe5+ Kg8 38.
Kxf2 Be3+ 39. Qxe3 Rf8+ 40. Bf3 1-0

[Event "Olympiad-31"]
[Site "Moscow"]
[Date "1994.12.14"]
[Round "13.3"]
[White "Ribli, Zoltan"]
[Black "Mokry, Karel"]
[Result "1-0"]
[WhiteElo "2605"]
[BlackElo "2530"]
[Annotator "Ribli,Z"]
[PlyCount "65"]
[EventDate "1994.12.01"]
[EventType "team-swiss"]
[EventRounds "14"]
[EventCountry "RUS"]
[SourceTitle "CBM 045"]
[Source "ChessBase"]
[SourceDate "1995.04.01"]
[SourceVersion "1"]
[SourceVersionDate "1995.04.01"]
[SourceQuality "1"]
[WhiteTeam "Hungary"]
[BlackTeam "Czech Republic"]
[WhiteTeamCountry "HUN"]
[BlackTeamCountry "CZE"]

1. c4 e5 2. g3 Nc6 3. Bg2 g6 4. Nc3 Bg7 5. e4 d6 6. Nge2 Nge7 7. d3 O-O 8. O-O
Be6 9. Nd5 Qd7 10. Be3 f5 (10... Nd4 11. Nxe7+ Qxe7 12. Bxd4 exd4 13. b4 c6 14.
a4 Rad8 15. Re1 Qd7 16. Rb1 d5 17. exd5 cxd5 18. c5 $14 {Webster,A-Le Quang,K/
Oakham/1992/CBM30/}) 11. Qd2 Rae8 $6 (11... Rf7 $5 12. Rac1 Raf8 13. b4 f4 14.
gxf4 Bh3 $44 {Psakhis,L-Jansa,V/Andorra/1994/}) 12. Rac1 Rf7 13. b4 (13. f3 Nc8
14. b3 Nd8 15. exf5 Bxf5 16. d4 $14) 13... Nc8 14. b5 Nd8 15. exf5 Bxf5 (15...
gxf5 16. f4 $14) 16. Rfe1 $1 (16. d4 $5) 16... Bh3 17. Bh1 c6 18. bxc6 bxc6 19.
Ndc3 c5 (19... Ne6 20. d4 exd4 21. Nxd4 Nxd4 22. Bxd4 $14) (19... Ne7 20. d4
Nf5 21. d5 $14) 20. Rb1 $1 Kh8 (20... Ne6 21. Rb7 $16) 21. Ne4 Rff8 22. N2c3
Ne6 23. Nd5 Ne7 (23... Nd4 24. Bxd4 exd4 25. Rb8 $14) 24. Nxe7 Rxe7 25. Rb5 Nd4
(25... Nf4 26. Ng5 $1 $16 (26. gxf4 $2 Qg4+ 27. Ng3 exf4 28. f3 fxe3 $19)) 26.
Bxd4 exd4 27. Reb1 Bf5 28. Bg2 $1 Bxe4 (28... Ref7 29. Rb8 $16 (29. Ng5 $16))
29. Bxe4 Qh3 (29... Ref7 30. Rb8 $16) 30. Rb8 $1 Ree8 31. Rxe8 Rxe8 32. Rb7 Bh6
(32... Rf8 33. Rxa7 $18) 33. Qa5 1-0

[Event "Bonn GSK"]
[Site "Bonn"]
[Date "1996.??.??"]
[Round "?"]
[White "Miezis, Normunds"]
[Black "Seul, Georg"]
[Result "0-1"]
[WhiteElo "2530"]
[BlackElo "2445"]
[Annotator "Ribli,Z"]
[PlyCount "100"]
[EventDate "1996.08.??"]
[EventType "tourn"]
[EventRounds "12"]
[EventCountry "GER"]
[EventCategory "12"]
[SourceTitle "CBM 056"]
[Source "ChessBase"]
[SourceDate "1997.02.01"]
[SourceVersion "1"]
[SourceVersionDate "1997.02.01"]
[SourceQuality "1"]

1. c4 e5 2. Nc3 Nc6 3. g3 g6 4. Bg2 Bg7 5. d3 f5 6. e4 d6 7. h4 {Miezis spielt
diesen zweischneidigen Zug gern.} (7. Nge2 $5 Nf6 8. O-O O-O 9. Nd5) 7... h6 (
7... Nf6 $5) 8. Nf3 $6 (8. h5 $5 g5 9. exf5 Bxf5 10. Nge2 Nge7 11. Be3 O-O 12.
Qd2 Qd7 {Hickl,J-Lau,R/FRG-ch/1991/} 13. O-O-O $5 $36) (8. exf5 gxf5 9. Nge2
Nf6 10. d4 O-O 11. dxe5 dxe5 12. Nd5 Be6 13. Be3 Rf7 14. Qd2 Ng4 $132 {Miezis,
N-Arbakov,V/Moscow3/1992/}) 8... Nf6 9. exf5 Bxf5 10. Nh2 $2 (10. Be3 {Weiß
bereut schont, daß er 7.h4 gespielt hat. Der Punkt g4 ist ein Loch in weißer
Stellung, dennoch wäre es - glaube ich - viel besser, diesen Punkt in Ruhe zu
lassen und mit Be3 die Entwicklung zu beenden. Natürlich hat Schwarz in diesem
Fall eine normale, gute Stellung.Ribli.}) 10... Qd7 11. Ne4 Nxe4 (11... O-O-O)
12. dxe4 Be6 13. b3 Nd4 14. Be3 b5 $1 $17 15. cxb5 Qxb5 16. Rc1 (16. Bxd4 exd4
17. Bf1 d3 18. Rc1 Qa5+ (18... Bb2 19. Rxc7 Qa5+) 19. Qd2) 16... O-O 17. Qd2 (
17. Rxc7 $2 Qa5+) 17... c5 {Schwarz hat großen Entwicklungsvorteil. Sein Spiel
am Damenflügel entscheidet die Partie.Ribli.} 18. Bxd4 exd4 19. Bf1 Qb7 20. Bd3
a5 $1 {Weiß ist ein paar Tempi zu spät, er ist machtlos gegen die schwarze
Hauptstrategie.Ribli.} 21. O-O a4 22. Rb1 axb3 23. axb3 Ra3 24. Qc2 Qb4 (24...
Rxb3 $2 25. Bc4 $18) (24... Bxb3 25. Rxb3 Rxb3 26. Bc4+ $18) 25. e5 dxe5 26.
Bc4 $6 (26. Bxg6 Rxb3 27. Qe4 {Das bietet meiner Meinung nach bessere
taktische Gegenchancen.Ribli.}) 26... Bxc4 27. bxc4 d3 28. Qc1 (28. Rxb4 dxc2
29. Rb2 Rc3 (29... Rxg3+ $1 30. fxg3 Rxf1+ 31. Nxf1 c1=Q $19) 30. Rc1 Rxc4 31.
Rbxc2 Rxc2 32. Rxc2 $15) 28... Rb3 29. Rxb3 Qxb3 $19 {Mit zwei Mehrbauern und
aktiver Stellung muß Schwarz gewinnen.Ribli.} 30. Ng4 h5 31. Ne3 Bh6 32. Re1 e4
33. Qd2 Ra8 34. Rf1 Ra2 35. Qe1 Bg7 (35... Re2 $5) 36. Ng2 Qxc4 {Die weiße
Stellung ist völlig hoffnungslos. Die restlichen Züge der Partie bedürfen
keines Kommentars.Ribli.} 37. Qe3 Qd5 38. Qf4 Qe5 (38... Kh7 $5) 39. Qc1 Ra1
40. Qc4+ Kh7 41. Ne3 Rxf1+ 42. Kxf1 Qa1+ 43. Kg2 Qd4 44. Qb3 d2 45. g4 c4 46.
Qd1 Bh6 47. g5 Bg7 48. Nf5 {Das ist ein gutes Beispiel zum Thema: "Passive
Opfer". Vielleicht ist 48...gxf5 auch gut, aber der Partiezug ist viel
einfacher.Ribli.} Qd3 49. Ne3 c3 50. Kg1 Bd4 {Weiß gab in völlig
hoffnungsloser Stellung auf.Ribli.} 0-1

[Event "Bayamo"]
[Site "Bayamo"]
[Date "1990.??.??"]
[Round "1"]
[White "Hernandez Onna, Roman"]
[Black "Martin Del Campo C, Roberto"]
[Result "1-0"]
[WhiteElo "2445"]
[BlackElo "2465"]
[Annotator "Ribli,Z"]
[PlyCount "79"]
[EventDate "1990.04.??"]
[EventType "tourn"]
[EventRounds "13"]
[EventCountry "CUB"]
[EventCategory "8"]
[SourceTitle "CBM 018"]
[Source "ChessBase"]
[SourceDate "1990.10.01"]
[SourceVersion "1"]
[SourceVersionDate "1990.10.01"]
[SourceQuality "1"]

1. c4 Nf6 2. Nf3 g6 3. g3 Bg7 4. Bg2 O-O 5. O-O d6 6. Nc3 Nc6 7. d3 e5 8. Rb1
a5 9. a3 Nd4 10. b4 axb4 11. axb4 c6 12. b5 Bg4 13. bxc6 {13.Bg5, Bxf3 14.Bxf3,
h6 15.Bxf6, Nxf3+ 16.exf3, Bxf6 17.bxc6, bxc6 18.Rb7 +/= Andersson-Nunn
Johannesburg 1981 i 32/40} bxc6 14. Nxd4 {14.e3, Nxf3+ 15.Bxf3 Spiridonov,
N-Akopian,V Erevan 1989 CBM/14} exd4 15. Ne4 Nxe4 16. Bxe4 Ra6 $6 {16...Qd7!?
17.Rb6, d5 18.cxd5, cxd5 19.Bg2, Rfe8 20.Re1, Ra1 -/+ Anikaiev-Tal URS-ch 1979
i 28/66} 17. Re1 Re8 18. Bf4 g5 19. Bd2 Bf6 20. Rb7 Kg7 21. Qb3 {>< f7} Be6 22.
Rb1 Qa8 23. Qc2 d5 24. cxd5 cxd5 25. Bg2 Rc8 26. Qb3 Ra3 27. Qb5 Ra1 28. f4
gxf4 29. Bxf4 Rc2 30. Bf3 Rca2 31. Rb8 Rxb1+ 32. Qxb1 Qa5 33. Qb4 Qxb4 34. Rxb4
Bh3 35. Rb1 h6 36. Kf2 Bf5 37. Rb3 Ra5 38. Rb7 Kg6 39. Rb6 {+/=} Be6 40. Bc7
1-0